Arctic Monkeys Lyrics - No Buses - Statistics

General Stats
  • This quiz has been taken 157 times
  • The average score is 215 of 265
Answer Stats
Lyrics % Correct
I
97%
go
96%
you
96%
your
96%
a
94%
where
94%
Where
94%
An
93%
can
93%
it
93%
It
93%
love
93%
but
92%
But
92%
can't
92%
gone?
92%
in
92%
"No
92%
to
92%
To
92%
Lady,
91%
she,
90%
the
90%
The
90%
was
90%
and
89%
And
89%
be
89%
be,
89%
has
89%
that
89%
'cause
87%
just
87%
Just
87%
anywhere
86%
Does
86%
know
86%
me"
86%
me
86%
not
86%
one
86%
she's
86%
think
86%
doing
84%
down,
84%
down
84%
everybody's
84%
find
84%
mean
84%
should
84%
too?
84%
twenty
84%
you're
84%
he
83%
-four
82%
look
82%
when
82%
Let's
81%
looking
81%
him
79%
there,
79%
there
79%
They
79%
they
79%
now
78%
of
78%
have
77%
her
77%
there's
77%
told
76%
around
74%
game,
74%
get
74%
as
73%
found
73%
it's
73%
like
73%
low
73%
from
72%
Oh,
72%
won't
72%
yesterday
72%
always
71%
change
71%
thing
71%
nowhere
70%
loads
69%
nothing
69%
soul,
69%
what
68%
by
67%
chance,
66%
He's
66%
lost
66%
up
66%
after
64%
for
64%
realise
64%
Realise
64%
more
63%
or
63%
some,
63%
went
63%
antiseptic
62%
hand
62%
puzzled
62%
short
62%
you'll
62%
demand?
61%
first
61%
goal
61%
long
61%
once
61%
Well,
61%
ache
60%
eyes
60%
turmoil,
60%
why
60%
you've
60%
dirty
59%
hold
59%
Must
59%
offer
59%
That's
59%
that's
59%
saying
58%
sore
58%
want
58%
longs
56%
cut
54%
How
53%
they'll
12%
No matching quizzes found
Score Distribution
Percent of People with Each Score
Percentile by Number Answered
Your Score History
You have not taken this quiz